| 000 | 00368nam a2200133Ia 4500 | ||
|---|---|---|---|
| 005 | 20260328101450.0 | ||
| 008 | 260328s9999||||xx |||||||||||||| ||und|| | ||
| 100 | _aTéllez Castañeda, Germán | ||
| 245 | 0 |
_aCasa de Campo en Colombia / _cGermán Téllez Castañeda |
|
| 260 | _bVillegas Editores | ||
| 300 | _a283 p. | ||
| 650 | _aARQUITECTURA RESIDENCIAL | ||
| 942 | _cBK | ||
| 999 |
_c8622 _d8622 |
||